| 000 | 00643na a2200217 4500 | ||
|---|---|---|---|
| 001 | 24218 | ||
| 003 | MIRAKIL | ||
| 005 | 20181213155332.0 | ||
| 008 | 180702b tu 000 0 | ||
| 020 | _a9786059050791 | ||
| 040 |
_aMilas _btur _cTR-AnCHP |
||
| 041 | _atur | ||
| 082 |
_a344.561099 _bA54 2016 |
||
| 090 | _a344.561099 A54 2016 | ||
| 245 |
_aAnkara Barosu Spor Hukuku kurulu Av. Hasan Aydın Tansu armağanı _ceditör Tacar Çağlar |
||
| 260 |
_aAnkara _bAnkara Barosu _c2016 |
||
| 300 |
_axiii, 829 s. _bfotğ.; grf. _c24 sm. |
||
| 650 |
_aHukuk ve mevzuat _xSpor _zTürkiye |
||
| 700 | _aÇağlar, Tacar | ||
| 942 |
_2ddc _cBKS |
||
| 999 |
_c10739 _d10739 |
||